000 00817nam a22002777a 4500
003 CHAP
005 20220329134303.0
008 971013s1984 r 00010 d
010 _a18162
011 _a19134
035 _a23219
040 _cCHAP
082 _a913.492
_bD4Y
100 0 0 _aDendermonde, Max.
_931768
245 _aInsight Holland
260 _aUtrecht, Nederland :
_bKosmos,
_c1984
300 _a141 p.
_b: ilus.
590 _aBATCH-UPD
_b10
_c20130110
_lUCH01
_h2121
590 _aBATCH-UPD
_b10
_c20130410
_lUCH01
_h1431
590 _aBATCH-UPD
_b10
_c20130914
_lUCH01
_h1619
590 _aCONVERSION
_b10
_c20130109
_lUCH01
_h1311
650 1 4 _aHolanda
_xDescripción y viaje.
_955892
901 _aBK
942 _cLIBRO
949 _a913.492 D4Y
_bBC
_cLIBRO
_d33724000268181
_eLIBRO
_h65043
_i23219
_mD
_si
999 _c18162
_d18162